00210nam a2200085 4500082001700000100001600017245004600033260003500079300001000114 aTNC A45 D851 aDubey, B.R. aShri Guru - tattwa - darshan: my Gurudev aBiharbHridaya Prakashanc2002 a160p.